| 000 | 00993cam a22002897a 4500 | ||
|---|---|---|---|
| 999 |
_c12664 _d12664 |
||
| 003 | EG-ScBUE | ||
| 005 | 20200122120854.0 | ||
| 008 | 090820s2003 ua f 000 p ara d | ||
| 017 | _a2003 / 8553 | ||
| 020 | _a9773054489 | ||
| 040 |
_aEG-ScBUE _bara _erda _cEG-ScBUE _dEG-ScBUE |
||
| 082 | 0 | 4 |
_a892.717 _bب ا س _222 |
| 100 | 1 |
_aعبد الباسط، محمود، _eمؤلف. |
|
| 245 | 1 | 0 |
_a: يادوب تلحق _bشعر / _cمحمود عبد الباسط. |
| 250 | _aالطبعة الأولى. | ||
| 264 | 1 |
_aالقاهرة : _bالهيئة العامة لقصور الثقافة، _c2003. |
|
| 300 |
_a96 صفحة ؛ _c20 سم. |
||
| 336 |
_2rdacontent _aنص _btxt |
||
| 337 |
_2rdamedia _aبدون وسيط _bn |
||
| 338 |
_2rdacarrier _aمجلد _bnc |
||
| 490 | 0 |
_aإبداعات ؛ _v175 |
|
| 590 | _aAsmaa mohamed | ||
| 650 | 7 |
_aالشعر العربي _xدواوين وقصائد. _2BUEsh _97996 |
|
| 653 |
_bARALIT _cJanuary2020 |
||
| 655 | _vReading book | ||
| 942 |
_2ddc _cBB |
||